[Event "Titled Tuesday intern op 24th Sep Late"]
[Site "Chess.com INT"]
[Date "2024.09.24"]
[Round "4"]
[White "Tang, Benjamin"]
[Black "Dushyant, Sharma"]
[Result "0-1"]
[WhiteElo "2242"]
[BlackElo "2325"]
[PlyCount "24"]
[EventDate "2024.09.24"]
[EventType "swiss (blitz)"]
[EventRounds "11"]
[EventCountry "USA"]
[SourceTitle "EXT 2025"]
[Source "ChessBase"]
[SourceDate "2024.10.14"]
[SourceVersion "1"]
[SourceVersionDate "2024.10.14"]
[SourceQuality "1"]

1. e4 d5 2. exd5 Nf6 3. Nf3 Bg4 4. d4 Qxd5 5. Be2 e6 6. 0-0 Nc6 7. c4 Qf5 8. h3 Bh5 9. g4 Nxg4 10. hxg4 Qxg4+ 11. Kh2 Bd6+ 12. Ne5 Qxe2 0-1

[Event "Titled Tuesday intern op 20th Aug Late"]
[Site "Chess.com INT"]
[Date "2024.08.20"]
[Round "6"]
[White "Tang, Benjamin"]
[Black "Hubner, Jessica Trindade"]
[Result "1/2-1/2"]
[WhiteElo "2242"]
[BlackElo "1845"]
[PlyCount "99"]
[EventDate "2024.08.20"]
[EventType "swiss (blitz)"]
[EventRounds "11"]
[EventCountry "USA"]
[SourceTitle "EXT 2025"]
[Source "ChessBase"]
[SourceDate "2024.10.14"]
[SourceVersion "1"]
[SourceVersionDate "2024.10.14"]
[SourceQuality "1"]

1. e4 c5 2. Nf3 Nc6 3. d4 cxd4 4. Nxd4 g6 5. c4 Bg7 6. Be3 Nf6 7. Nc3 0-0 8. Be2 Nxd4 9. Bxd4 d6 10. 0-0 a6 11. h3 Be6 12. Qd3 Rc8 13. b3 Qa5 14. f4 Nh5 15. Bxg7 Nxg7 16. Nd5 Rfe8 17. Rf2 f5 18. e5 Bxd5 19. Qxd5+ Qxd5 20. cxd5 Rc2 21. Bf3 Rec8 22. Rxc2 Rxc2 23. Kf1 Ne8 24. Ke1 Nc7 25. Kd1 Rc5 26. Rc1 b6 27. b4 Rxc1+ 28. Kxc1 Nb5 29. Kc2 Nd4+ 30. Kd3 Nxf3 31. gxf3 Kf8 32. b5 a5 33. e6 Kg7 34. Ke3 Kh6 35. Kf2 Kh5 36. Kg3 h6 37. a4 g5 38. fxg5 hxg5 39. f4 Kg6 40. fxg5 Kxg5 41. Kf3 f4 42. h4+ Kxh4 43. Kxf4 Kh5 44. Kf5 Kh6 45. Kf4 Kg6 46. Kg4 Kf6 47. Kf4 Kg6 48. Kg4 Kh6 49. Kh4 Kg6 50. Kg4 1/2-1/2

[Event "Titled Tuesday intern op 20th Aug Late"]
[Site "Chess.com INT"]
[Date "2024.08.20"]
[Round "4"]
[White "Tang, Benjamin"]
[Black "Postnikov, Artem"]
[Result "1-0"]
[WhiteElo "2242"]
[BlackElo "2223"]
[PlyCount "119"]
[EventDate "2024.08.20"]
[EventType "swiss (blitz)"]
[EventRounds "11"]
[EventCountry "USA"]
[SourceTitle "EXT 2025"]
[Source "ChessBase"]
[SourceDate "2024.10.14"]
[SourceVersion "1"]
[SourceVersionDate "2024.10.14"]
[SourceQuality "1"]

1. e4 c5 2. Nf3 d6 3. d4 cxd4 4. Nxd4 Nf6 5. Nc3 a6 6. Bc4 e6 7. 0-0 Nbd7 8. Bxe6 fxe6 9. Nxe6 Qa5 10. Nd5 Nxd5 11. exd5 Nf6 12. b4 Qxb4 13. Nc7+ Kf7 14. Nxa8 Bf5 15. Nc7 Qc3 16. Bg5 Qxc7 17. Qf3 Be4 18. Qf4 Bxd5 19. Rad1 Qc4 20. Rd4 Qc5 21. Rfd1 Be6 22. Bxf6 gxf6 23. Qf3 Bg7 24. Qxb7+ Kg6 25. Rxd6 Qxc2 26. Qf3 Re8 27. h4 Qxa2 28. Qe4+ Kf7 29. Qxh7 Qa5 30. Rd7+ Bxd7 31. Rxd7+ Re7 32. Rxe7+ Kxe7 33. Qxg7+ Ke6 34. Qg4+ f5 35. Qg6+ Ke5 36. h5 Qe1+ 37. Kh2 Qxf2 38. Qg7+ Ke4 39. Qe7+ Kd3 40. Qd6+ Kc4 41. Qxa6+ Kc3 42. Qa5+ Kc4 43. Qa6+ Kc3 44. Qc6+ Kb3 45. Qf3+ Qxf3 46. gxf3 Kc4 47. h6 Kd5 48. h7 Ke6 49. h8Q Kf7 50. Qe5 Kg6 51. f4 Kf7 52. Qd6 Kg7 53. Qe6 Kh7 54. Qf6 Kg8 55. Qe7 Kh8 56. Kg3 Kg8 57. Kh4 Kh8 58. Kg5 Kg8 59. Kh6 Kh8 60. Qg7# 1-0

[Event "Titled Tuesday intern op 13th Aug Late"]
[Site "Chess.com INT"]
[Date "2024.08.13"]
[Round "6"]
[White "Tang, Benjamin"]
[Black "Jahnz, Laurin"]
[Result "1-0"]
[WhiteElo "2242"]
[BlackElo "2086"]
[PlyCount "101"]
[EventDate "2024.08.13"]
[EventType "swiss (blitz)"]
[EventRounds "11"]
[EventCountry "USA"]
[SourceTitle "EXT 2025"]
[Source "ChessBase"]
[SourceDate "2024.10.14"]
[SourceVersion "1"]
[SourceVersionDate "2024.10.14"]
[SourceQuality "1"]

1. e4 c5 2. Nf3 Nc6 3. d4 cxd4 4. Nxd4 Nf6 5. Nc3 e5 6. Ndb5 d6 7. Bg5 a6 8. Na3 b5 9. Nd5 Be7 10. Bxf6 Bxf6 11. c3 Rb8 12. Nc2 Bg5 13. a4 bxa4 14. Ncb4 Nxb4 15. Nxb4 Bd7 16. Bxa6 Qa5 17. Qxd6 Rb6 18. Qc7 Rxa6 19. Qb8+ Bd8 20. Nxa6 Qxa6 21. Qxe5+ Kf8 22. Qd4 Qb5 23. Rd1 Ke8 24. Qxg7 Rf8 25. c4 Ba5+ 26. Kf1 Qxc4+ 27. Kg1 Qxe4 28. h3 Bc7 29. Qc3 Qb7 30. Qf6 Rg8 31. Re1+ Kf8 32. Qe7+ Kg7 33. Qg5+ Kh8 34. Qf6+ Rg7 35. g3 Qc8 36. h4 Be6 37. Qc3 h6 38. Rc1 f5 39. Qf6 Qd7 40. Qxh6+ Rh7 41. Qf6+ Kg8 42. Rxc7 Qxc7 43. Qxe6+ Kh8 44. Kg2 Rg7 45. Qxf5 Qb7+ 46. Qf3 Qxb2 47. Re1 Qb8 48. Qh5+ Kg8 49. Re8+ Qxe8 50. Qxe8+ Kh7 51. Qxa4 1-0

[Event "Titled Tuesday intern op 13th Aug Late"]
[Site "Chess.com INT"]
[Date "2024.08.13"]
[Round "9"]
[White "Tang, Benjamin"]
[Black "Sathish, Pranav"]
[Result "0-1"]
[WhiteElo "2242"]
[BlackElo "2337"]
[PlyCount "48"]
[EventDate "2024.08.13"]
[EventType "swiss (blitz)"]
[EventRounds "11"]
[EventCountry "USA"]
[SourceTitle "EXT 2025"]
[Source "ChessBase"]
[SourceDate "2024.10.14"]
[SourceVersion "1"]
[SourceVersionDate "2024.10.14"]
[SourceQuality "1"]

1. e4 c5 2. Nf3 e6 3. d4 cxd4 4. Nxd4 a6 5. c4 Nf6 6. Nc3 Bb4 7. Nc2 Bxc3+ 8. bxc3 Qa5 9. Qd3 Qe5 10. f3 d5 11. Be2 dxe4 12. fxe4 0-0 13. 0-0 Qxe4 14. Bg5 Qxd3 15. Bxd3 Nbd7 16. Nd4 h6 17. Bh4 Nc5 18. Bc2 Nfd7 19. Rab1 b6 20. Nc6 Bb7 21. Ne7+ Kh8 22. Rbd1 Rae8 23. Rd6 g5 24. Rfd1 Rxe7 0-1

[Event "Titled Tuesday intern op 13th Aug Late"]
[Site "Chess.com INT"]
[Date "2024.08.13"]
[Round "2"]
[White "Volkov, Maksim"]
[Black "Tang, Benjamin"]
[Result "1-0"]
[WhiteElo "2306"]
[BlackElo "2242"]
[PlyCount "101"]
[EventDate "2024.08.13"]
[EventType "swiss (blitz)"]
[EventRounds "11"]
[EventCountry "USA"]
[SourceTitle "EXT 2025"]
[Source "ChessBase"]
[SourceDate "2024.10.14"]
[SourceVersion "1"]
[SourceVersionDate "2024.10.14"]
[SourceQuality "1"]

1. d4 Nf6 2. c4 g6 3. g3 Bg7 4. Bg2 c5 5. Nf3 cxd4 6. Nxd4 d5 7. 0-0 0-0 8. cxd5 Nxd5 9. Nc3 Nxc3 10. bxc3 Nc6 11. Nxc6 bxc6 12. Bxc6 Bh3 13. Bg2 Bxg2 14. Kxg2 Bxc3 15. Rb1 Rb8 16. Bh6 Bg7 17. Bxg7 Kxg7 18. Qa4 Qd5+ 19. f3 Rfd8 20. Qxa7 Ra8 21. Qe3 Qxa2 22. Rb7 e6 23. Kf2 Qa6 24. Rc7 Qd6 25. Rc4 Rac8 26. Rfc1 Rxc4 27. Rxc4 Qd5 28. Rf4 e5 29. Rh4 h5 30. Kg2 f6 31. Rb4 Rd7 32. Rb6 Qd4 33. Qb3 Qd5 34. Qb4 Qd4 35. Qb5 Qd5 36. Qa6 Rf7 37. Rd6 Qc5 38. Rd8 Qe3 39. Qc4 g5 40. Kf1 Ra7 41. Qg8+ Kh6 42. Qf8+ Kh7 43. Rd1 Qb6 44. Qe8 Rg7 45. Qxh5+ Kg8 46. Rc1 Qe6 47. Rb1 Qf7 48. Qg4 f5 49. Rb8+ Kh7 50. Qh3+ Kg6 51. Rb6+ 1-0

[Event "Titled Tuesday intern op 06th Aug Late"]
[Site "Chess.com INT"]
[Date "2024.08.06"]
[Round "11"]
[White "Tang, Benjamin"]
[Black "Asylov, Miras"]
[Result "0-1"]
[WhiteElo "2242"]
[BlackElo "2300"]
[PlyCount "88"]
[EventDate "2024.08.06"]
[EventType "swiss (blitz)"]
[EventRounds "11"]
[EventCountry "USA"]
[SourceTitle "EXT 2025"]
[Source "ChessBase"]
[SourceDate "2024.10.14"]
[SourceVersion "1"]
[SourceVersionDate "2024.10.14"]
[SourceQuality "1"]

1. e4 c5 2. Nf3 e6 3. d4 cxd4 4. Nxd4 Nf6 5. Nc3 d6 6. g4 e5 7. Nf5 Nc6 8. g5 Nxe4 9. Nxg7+ Bxg7 10. Nxe4 d5 11. Nc3 Be6 12. Bg2 e4 13. Bf4 Qa5 14. Qd2 0-0 15. 0-0 Rad8 16. Rad1 Qb6 17. Na4 Qb5 18. b3 Bg4 19. f3 exf3 20. Bxf3 Bxf3 21. Rxf3 Nd4 22. Rf2 Ne6 23. Nc3 Qa5 24. Nxd5 Qxd2 25. Rdxd2 Bd4 26. Nf6+ Kg7 27. Rxd4 Rxd4 28. Be5 Rd1+ 29. Kg2 Kg6 30. h4 Rfd8 31. Ne4 Kh5 32. Kg3 Rg1+ 33. Kh2 Rdd1 34. Bg3 Rh1+ 35. Kg2 Nd4 36. Nf6+ Kg6 37. Rf4 Rdg1+ 38. Kf2 Rf1+ 39. Ke3 Rxf4 40. Kxf4 Ne2+ 41. Kg4 Rg1 42. h5+ Kg7 43. Ne4 Nxg3 44. Nxg3 Rc1 0-1

[Event "Titled Tuesday intern op 06th Aug Late"]
[Site "Chess.com INT"]
[Date "2024.08.06"]
[Round "4"]
[White "Toktomushev, Teimur"]
[Black "Tang, Benjamin"]
[Result "1/2-1/2"]
[WhiteElo "2279"]
[BlackElo "2242"]
[PlyCount "149"]
[EventDate "2024.08.06"]
[EventType "swiss (blitz)"]
[EventRounds "11"]
[EventCountry "USA"]
[SourceTitle "EXT 2025"]
[Source "ChessBase"]
[SourceDate "2024.10.14"]
[SourceVersion "1"]
[SourceVersionDate "2024.10.14"]
[SourceQuality "1"]

1. d4 Nf6 2. c4 g6 3. Nc3 Bg7 4. e4 d6 5. f3 0-0 6. Be3 c5 7. Nge2 Qa5 8. Nc1 cxd4 9. Nb3 Qb6 10. Nxd4 Nc6 11. Ncb5 a6 12. Nc2 Qa5+ 13. Nc3 b5 14. a3 Bb7 15. b4 Qc7 16. Rc1 bxc4 17. Nd4 Nxd4 18. Bxd4 Rac8 19. Be2 Rfd8 20. 0-0 d5 21. e5 Nd7 22. f4 f6 23. exf6 Bxf6 24. Bf3 Bxd4+ 25. Qxd4 Qb6 26. Rcd1 Qxd4+ 27. Rxd4 Nf6 28. Re1 Kf7 29. Re5 e6 30. Kf2 Nd7 31. Re1 Nb8 32. g4 Nc6 33. Rdd1 d4 34. Ne4 h6 35. Nc5 Ba8 36. Nxe6 Rd6 37. Bxc6 Bxc6 38. Nxd4 Bd7 39. h3 c3 40. Nc2 Rxd1 41. Rxd1 Ba4 42. Rc1 Rd8 43. Ne3 Rd2+ 44. Ke1 Rd3 45. Ke2 Rd2+ 46. Kf3 c2 47. f5 Rd1 48. Rxc2 Bxc2 49. Nxc2 Rd3+ 50. Kf4 Rc3 51. Nd4 Rxa3 52. fxg6+ Kxg6 53. Nf3 h5 54. Ne5+ Kh6 55. g5+ Kg7 56. Nc6 Rc3 57. Nb8 Rc4+ 58. Kf5 Rxb4 59. Nxa6 Rb5+ 60. Kf4 Kg6 61. h4 Ra5 62. Nc7 Ra4+ 63. Kg3 Ra3+ 64. Kg2 Kf5 65. Nd5 Kg4 66. g6 Kxh4 67. Ne7 Re3 68. Nf5+ Kg5 69. Nxe3 Kxg6 70. Kh3 Kg5 71. Ng2 Kf5 72. Nh4+ Kg5 73. Ng2 Kf6 74. Nh4 Kg5 75. Ng2 1/2-1/2

[Event "Titled Tuesday intern op 23rd Jul Late"]
[Site "Chess.com INT"]
[Date "2024.07.23"]
[Round "10"]
[White "Guillemette, Hugo"]
[Black "Tang, Benjamin"]
[Result "0-1"]
[WhiteElo "2071"]
[BlackElo "2236"]
[PlyCount "118"]
[EventDate "2024.07.23"]
[EventType "swiss (blitz)"]
[EventRounds "11"]
[EventCountry "USA"]
[SourceTitle "EXT 2025"]
[Source "ChessBase"]
[SourceDate "2024.10.14"]
[SourceVersion "1"]
[SourceVersionDate "2024.10.14"]
[SourceQuality "1"]

1. d4 Nf6 2. c4 g6 3. g3 Bg7 4. Bg2 0-0 5. Nf3 c5 6. d5 d6 7. Nc3 e6 8. 0-0 Re8 9. e4 exd5 10. exd5 Ne4 11. Nxe4 Rxe4 12. Re1 Qe8 13. Bf4 Rxe1+ 14. Qxe1 Qxe1+ 15. Rxe1 Bf8 16. Re8 Bd7 17. Rd8 Kg7 18. Bh6+ Kxh6 19. Rxf8 Kg7 20. Rd8 Kf6 21. Nd2 Ke7 22. Rh8 h5 23. Ne4 b6 24. a3 a5 25. h4 a4 26. f4 Bf5 27. Ng5 Bd7 28. Ne4 Bf5 29. Nc3 Bd7 30. Be4 Be8 31. Nb5 Nd7 32. f5 Nf6 33. Bc2 Rd8 34. fxg6 fxg6 35. Nc7 Bf7 36. Rxd8 Kxd8 37. Na8 b5 38. cxb5 Nxd5 39. b6 Kc8 40. Nc7 Nxc7 41. bxc7 Kxc7 42. Bxa4 d5 43. Kf2 d4 44. Bc2 Kc6 45. Kf3 Kd5 46. a4 c4 47. Be4+ Kc5 48. Kf4 Kb4 49. Ke5 d3 50. Kd4 Kxa4 51. Kc3 Kb5 52. Bf3 Kc5 53. Be4 Kd6 54. Ba8 Ke5 55. Bf3 Be6 56. Bd1 Bg4 57. Ba4 Be2 58. Be8 Kf5 59. Bd7+ Ke4 0-1

[Event "Titled Tuesday intern op 23rd Jul Late"]
[Site "Chess.com INT"]
[Date "2024.07.23"]
[Round "4"]
[White "Hubner, Jessica Trindade"]
[Black "Tang, Benjamin"]
[Result "0-1"]
[WhiteElo "1845"]
[BlackElo "2236"]
[PlyCount "32"]
[EventDate "2024.07.23"]
[EventType "swiss (blitz)"]
[EventRounds "11"]
[EventCountry "USA"]
[SourceTitle "EXT 2025"]
[Source "ChessBase"]
[SourceDate "2024.10.14"]
[SourceVersion "1"]
[SourceVersionDate "2024.10.14"]
[SourceQuality "1"]

1. e4 e6 2. d4 d5 3. exd5 exd5 4. Nf3 Bd6 5. Bd3 Ne7 6. 0-0 0-0 7. Re1 Bf5 8. Bg5 Bxd3 9. Qxd3 Re8 10. Nbd2 Nd7 11. Nf1 Nf8 12. h4 h6 13. Bd2 Ne6 14. c3 Ng6 15. h5 Ngf4 16. Ng3 Nxd3 0-1

[Event "Titled Tuesday intern op 23rd Jul Late"]
[Site "Chess.com INT"]
[Date "2024.07.23"]
[Round "7"]
[White "Silva, Kaua Marques"]
[Black "Tang, Benjamin"]
[Result "0-1"]
[WhiteElo "2224"]
[BlackElo "2236"]
[PlyCount "94"]
[EventDate "2024.07.23"]
[EventType "swiss (blitz)"]
[EventRounds "11"]
[EventCountry "USA"]
[SourceTitle "EXT 2025"]
[Source "ChessBase"]
[SourceDate "2024.10.14"]
[SourceVersion "1"]
[SourceVersionDate "2024.10.14"]
[SourceQuality "1"]

1. e4 e6 2. Nf3 d5 3. e5 c5 4. b4 cxb4 5. d4 Nc6 6. Bd3 Bd7 7. 0-0 Nge7 8. a3 Nf5 9. Bxf5 exf5 10. axb4 Bxb4 11. c3 Be7 12. Ba3 0-0 13. Re1 Be6 14. h4 h6 15. Re3 Rc8 16. Ne1 Bxa3 17. Nxa3 Qxh4 18. Nb5 a6 19. Nd6 Rc7 20. Nd3 Ne7 21. Rh3 Qg5 22. Rg3 Qh4 23. Rh3 Qg4 24. Qd2 Nc8 25. Nf4 Nxd6 26. exd6 Rd7 27. Rg3 Qh4 28. c4 Rxd6 29. c5 Rd7 30. Raa3 Qe7 31. Rae3 g5 32. Qe2 Re8 33. Qh5 Kh7 34. Rh3 Qf6 35. Nd3 f4 36. Ne5 fxe3 37. Rf3 exf2+ 38. Rxf2 Qe7 39. Kh2 Rc7 40. Qd1 Qf8 41. Qb1+ Kg7 42. Qf1 f5 43. Re2 Qf6 44. Qe1 Bf7 45. Rd2 Rxc5 46. dxc5 Qe6 47. Qf2 Qxe5+ 0-1

[Event "Titled Tuesday intern op 23rd Jul Late"]
[Site "Chess.com INT"]
[Date "2024.07.23"]
[Round "9"]
[White "Tang, Benjamin"]
[Black "Hernandez Amura, Gilberto"]
[Result "0-1"]
[WhiteElo "2236"]
[BlackElo "2198"]
[PlyCount "98"]
[EventDate "2024.07.23"]
[EventType "swiss (blitz)"]
[EventRounds "11"]
[EventCountry "USA"]
[SourceTitle "EXT 2025"]
[Source "ChessBase"]
[SourceDate "2024.10.14"]
[SourceVersion "1"]
[SourceVersionDate "2024.10.14"]
[SourceQuality "1"]

1. e4 g6 2. d4 Bg7 3. Nf3 c6 4. Bd3 d5 5. e5 Bg4 6. Nbd2 h5 7. h3 Bxf3 8. Nxf3 e6 9. Bg5 Qb6 10. 0-0 Nh6 11. Qd2 Nf5 12. c3 c5 13. Rfe1 Nc6 14. dxc5 Qxc5 15. b4 Qb6 16. b5 Na5 17. Bf6 Bxf6 18. exf6 0-0-0 19. Ne5 Rhf8 20. Rac1 Kb8 21. Qf4 Ka8 22. Qb4 Nd6 23. a4 Qc7 24. c4 Ndxc4 25. Bxc4 Nxc4 26. Nxc4 dxc4 27. Rxc4 Qd6 28. Qxd6 Rxd6 29. Rec1 Kb8 30. f4 Rfd8 31. Rc7 R6d7 32. Rxd7 Rxd7 33. Kf2 Rd4 34. g3 Rxa4 35. Rd1 Kc7 36. Rc1+ Kb6 37. Rd1 Rc4 38. Rd7 Rc7 39. Rd8 Kxb5 40. g4 hxg4 41. hxg4 a5 42. Ra8 a4 43. Re8 a3 44. Ra8 Kb4 45. Ke3 Kb3 46. Kd3 a2 47. Ra5 Rd7+ 48. Ke2 Rd5 49. Ra7 Rb5 0-1

[Event "Pan American-ch U16 34th"]
[Site "Orlando"]
[Date "2024.07.16"]
[Round "2"]
[White "Kodihalli, Kaustubh"]
[Black "Tang, Benjamin"]
[Result "0-1"]
[WhiteElo "1968"]
[BlackElo "2236"]
[PlyCount "78"]
[EventDate "2024.07.15"]
[EventType "swiss"]
[EventRounds "9"]
[EventCountry "USA"]
[SourceTitle "EXT 2025"]
[Source "ChessBase"]
[SourceDate "2024.10.14"]
[SourceVersion "1"]
[SourceVersionDate "2024.10.14"]
[SourceQuality "1"]

1. e4 e6 2. d4 d5 3. e5 c5 4. c3 Nc6 5. Nf3 Bd7 6. a3 c4 7. Nbd2 f6 8. exf6 Nxf6 9. Be2 Bd6 10. 0-0 0-0 11. Re1 Qc7 12. Bf1 Rae8 13. h3 Re7 14. g3 Be8 15. Bg2 Bg6 16. Nf1 Na5 17. Be3 Nb3 18. Ra2 Ne4 19. N1d2 Nbxd2 20. Nxd2 Ref7 21. Nxe4 Bxe4 22. Bxe4 dxe4 23. Qg4 Rf3 24. Kg2 Qf7 25. Raa1 Bxg3 26. fxg3 Rxe3 27. Rxe3 Qf2+ 28. Kh1 Qxe3 29. Qxe6+ Kh8 30. Rg1 h6 31. Rg2 Rf1+ 32. Kh2 Qe1 33. Qc8+ Kh7 34. Rg1 Rf2+ 35. Rg2 Qf1 36. Rxf2 Qxf2+ 37. Kh1 Qf3+ 38. Kh2 e3 39. Qg4 Qxg4 0-1

[Event "Titled Tuesday intern op 09th Jul Late"]
[Site "Chess.com INT"]
[Date "2024.07.09"]
[Round "2"]
[White "Przybylski, Wojciech"]
[Black "Tang, Benjamin"]
[Result "1-0"]
[WhiteElo "2308"]
[BlackElo "2236"]
[PlyCount "45"]
[EventDate "2024.07.09"]
[EventType "swiss (blitz)"]
[EventRounds "11"]
[EventCountry "USA"]
[SourceTitle "EXT 2025"]
[Source "ChessBase"]
[SourceDate "2024.10.14"]
[SourceVersion "1"]
[SourceVersionDate "2024.10.14"]
[SourceQuality "1"]

1. e4 e6 2. d4 d5 3. Nd2 c5 4. Ne2 Nc6 5. c3 cxd4 6. exd5 Qxd5 7. cxd4 Nxd4 8. Qa4+ Nc6 9. Nc3 Qd8 10. Bb5 Bd7 11. 0-0 a6 12. Be2 Bc5 13. Qg4 Qf6 14. Nde4 Qe7 15. Nxc5 Qxc5 16. Be3 Qf8 17. Rfd1 Nf6 18. Qh4 Qe7 19. Bg5 0-0 20. Ne4 Ne5 21. Nxf6+ gxf6 22. Bxf6 Qc5 23. Qh6 1-0

[Event "Titled Tuesday intern op 09th Jul Early"]
[Site "Chess.com INT"]
[Date "2024.07.09"]
[Round "2"]
[White "Tang, Benjamin"]
[Black "Kruckenhauser, Arthur"]
[Result "0-1"]
[WhiteElo "2236"]
[BlackElo "2340"]
[PlyCount "68"]
[EventDate "2024.07.09"]
[EventType "swiss (blitz)"]
[EventRounds "11"]
[EventCountry "USA"]
[SourceTitle "EXT 2025"]
[Source "ChessBase"]
[SourceDate "2024.10.14"]
[SourceVersion "1"]
[SourceVersionDate "2024.10.14"]
[SourceQuality "1"]

1. e4 d5 2. exd5 Nf6 3. Nf3 Nxd5 4. d4 g6 5. c4 Nf6 6. Nc3 Bg7 7. Be2 0-0 8. 0-0 b6 9. h3 e6 10. Bg5 Bb7 11. Qd2 Nbd7 12. Rad1 a6 13. Qf4 Qc8 14. d5 e5 15. Qh4 Re8 16. Bh6 Bh8 17. Rfe1 a5 18. Bf1 a4 19. a3 e4 20. Nd4 Nc5 21. Bg5 Nfd7 22. Nxe4 Bxd4 23. Rxd4 f5 24. Nxc5 Rxe1 25. Ne6 Nf8 26. Nxf8 Qxf8 27. f3 Rae8 28. Bh6 Qc5 29. Qf2 R1e7 30. Bd2 Rf7 31. Bc3 Qd6 32. Kh1 Qe7 33. Qg3 Qe5 34. Rh4 Qxg3 0-1

[Event "Titled Tuesday intern op 09th Jul Early"]
[Site "Chess.com INT"]
[Date "2024.07.09"]
[Round "5"]
[White "Tang, Benjamin"]
[Black "Portal Ramos, Cristian"]
[Result "0-1"]
[WhiteElo "2236"]
[BlackElo "2195"]
[PlyCount "118"]
[EventDate "2024.07.09"]
[EventType "swiss (blitz)"]
[EventRounds "11"]
[EventCountry "USA"]
[SourceTitle "EXT 2025"]
[Source "ChessBase"]
[SourceDate "2024.10.14"]
[SourceVersion "1"]
[SourceVersionDate "2024.10.14"]
[SourceQuality "1"]

1. e4 c5 2. Nf3 d6 3. d4 cxd4 4. Nxd4 Nf6 5. Nc3 a6 6. Bc4 e6 7. 0-0 Nbd7 8. Bxe6 fxe6 9. Nxe6 Qb6 10. Be3 Nc5 11. Nd5 Nxd5 12. exd5 Bxe6 13. dxe6 0-0-0 14. Qg4 Be7 15. b4 h5 16. bxc5 hxg4 17. cxb6 d5 18. Bf4 Rdf8 19. Bg3 Rf6 20. Rfe1 Rhh6 21. Re5 Rxe6 22. Rae1 Rxe5 23. Rxe5 Rxb6 24. h3 Bf6 25. Rxd5 gxh3 26. gxh3 Rb2 27. Rc5+ Kd8 28. a4 Rb4 29. Rc7 Rxa4 30. Rxb7 Rc4 31. Ra7 Rc6 32. Kg2 Bd4 33. Ra8+ Ke7 34. Kf3 Ke6 35. Ke4 Bf6 36. f4 Rc4+ 37. Kd3 Rc3+ 38. Ke4 Rxg3 39. Rxa6+ Kf7 40. c4 Rxh3 41. c5 Ke7 42. Kd5 Rh5+ 43. Kc6 Bd4 44. Ra7+ Kf6 45. Rb7 Rxc5+ 46. Kd6 Rf5 47. Rb8 Rxf4 48. Kd5 Be3 49. Rf8+ Kg5 50. Re8 Bf2 51. Ke5 Bd4+ 52. Ke6 Bf6 53. Rg8 Re4+ 54. Kf7 Re7+ 55. Kf8 Ra7 56. Rxg7+ Bxg7+ 57. Kg8 Be5 58. Kf8 Kf6 59. Kg8 Rb7 0-1

[Event "Titled Tuesday intern op 09th Jul Early"]
[Site "Chess.com INT"]
[Date "2024.07.09"]
[Round "3"]
[White "Tang, Benjamin"]
[Black "Shubenkova, Veronika"]
[Result "1-0"]
[WhiteElo "2236"]
[BlackElo "2030"]
[PlyCount "83"]
[EventDate "2024.07.09"]
[EventType "swiss (blitz)"]
[EventRounds "11"]
[EventCountry "USA"]
[SourceTitle "EXT 2025"]
[Source "ChessBase"]
[SourceDate "2024.10.14"]
[SourceVersion "1"]
[SourceVersionDate "2024.10.14"]
[SourceQuality "1"]

1. e4 b6 2. d4 Bb7 3. Bd3 e6 4. Nf3 d5 5. e5 c5 6. c3 Nc6 7. 0-0 Nge7 8. Na3 cxd4 9. cxd4 Ng6 10. Nc2 Be7 11. g3 a6 12. h4 b5 13. Re1 Nf8 14. Kg2 Nd7 15. Be3 Nb4 16. Nxb4 Bxb4 17. Bd2 Be7 18. h5 h6 19. Rc1 Nb6 20. b3 b4 21. Qe2 Qd7 22. Rc2 0-0 23. Rcc1 a5 24. Bb1 Ba6 25. Qe3 a4 26. Qf4 f5 27. exf6 Rxf6 28. Qg4 Raf8 29. Bf4 Bd6 30. Ne5 Qb7 31. Ng6 Bxf4 32. gxf4 Re8 33. f5 axb3 34. axb3 Qb8 35. fxe6 Qd6 36. Ne5 Qxe6 37. Qxe6+ Rfxe6 38. Bg6 Rc8 39. Bf7+ Kf8 40. Bxe6 Rxc1 41. Rxc1 Ke7 42. Rc6 1-0

[Event "Titled Tuesday intern op 09th Jul Early"]
[Site "Chess.com INT"]
[Date "2024.07.09"]
[Round "7"]
[White "Yavorovsky, Valeriy"]
[Black "Tang, Benjamin"]
[Result "1-0"]
[WhiteElo "2318"]
[BlackElo "2236"]
[PlyCount "83"]
[EventDate "2024.07.09"]
[EventType "swiss (blitz)"]
[EventRounds "11"]
[EventCountry "USA"]
[SourceTitle "EXT 2025"]
[Source "ChessBase"]
[SourceDate "2024.10.14"]
[SourceVersion "1"]
[SourceVersionDate "2024.10.14"]
[SourceQuality "1"]

1. d4 Nf6 2. Nf3 g6 3. c4 Bg7 4. Nc3 d6 5. e4 0-0 6. Be2 e5 7. d5 a5 8. Bg5 h6 9. Bh4 Na6 10. Nd2 Qe8 11. a3 Nh7 12. b4 Bd7 13. Rb1 h5 14. f3 Bf6 15. Bf2 Qe7 16. 0-0 Bh4 17. Qe1 Bxf2+ 18. Qxf2 Qg5 19. Rfd1 h4 20. c5 Nf6 21. c6 bxc6 22. dxc6 Be6 23. Bc4 Nh5 24. Kh1 Ng3+ 25. Kg1 Nh5 26. Kf1 Nf4 27. Nd5 Bxd5 28. Bxd5 h3 29. g3 Ng2 30. Nc4 Kg7 31. b5 Nc5 32. b6 cxb6 33. Rxb6 Rab8 34. Rdb1 Rxb6 35. Nxb6 Nd3 36. Qe2 Qe3 37. Qxe3 Nxe3+ 38. Ke2 Nxd5 39. exd5 Nc5 40. c7 f5 41. c8Q Rxc8 42. Nxc8 1-0

[Event "Titled Tuesday intern op 02nd Jul Late"]
[Site "Chess.com INT"]
[Date "2024.07.02"]
[Round "3"]
[White "Antoniou, Rafail"]
[Black "Tang, Benjamin"]
[Result "1/2-1/2"]
[WhiteElo "2027"]
[BlackElo "2236"]
[PlyCount "101"]
[EventDate "2024.07.02"]
[EventType "swiss (blitz)"]
[EventRounds "11"]
[EventCountry "USA"]
[SourceTitle "EXT 2025"]
[Source "ChessBase"]
[SourceDate "2024.10.14"]
[SourceVersion "1"]
[SourceVersionDate "2024.10.14"]
[SourceQuality "1"]

1. Nc3 d5 2. e4 d4 3. Nce2 e5 4. Nf3 Bd6 5. Ng3 Nf6 6. Bb5+ c6 7. Bc4 a5 8. a4 h6 9. 0-0 0-0 10. d3 Nbd7 11. Nf5 Nc5 12. Nxd6 Qxd6 13. h3 Be6 14. Nd2 Bxc4 15. Nxc4 Qe6 16. f4 exf4 17. Bxf4 Nfxe4 18. Re1 Qf6 19. dxe4 Qxf4 20. Qxd4 Ne6 21. Qe3 Qxe3+ 22. Rxe3 Rfe8 23. Rd1 Nc5 24. e5 Rad8 25. Rxd8 Rxd8 26. Nxa5 Nxa4 27. Nxb7 Rd1+ 28. Kf2 Nxb2 29. e6 fxe6 30. Rxe6 Rd2+ 31. Re2 Rd5 32. Re6 Rd2+ 33. Re2 Rd5 34. g4 Kf7 35. Kg3 Nc4 36. Re4 Nd2 37. Rf4+ Ke7 38. c4 Rd3+ 39. Kg2 g5 40. Rf2 Nxc4 41. Nc5 Ne3+ 42. Kh2 Rd5 43. Ne4 Re5 44. Ng3 c5 45. Re2 Ke6 46. Ra2 c4 47. Ra6+ Kd5 48. Ra5+ Ke6 49. Ra6+ Kd5 50. Ra5+ Ke6 51. Ra6+ 1/2-1/2